000 00870nam0a2200277 4500
001 RU\NLR\bibl\1973868
005 20250616210253.0
010 _a978-5-386-05277-5
_97000
021 _aRU
_b2012-84285
_96238
035 _a(NLR Aleph) 001962672
090 _a3846974
_c3846974
100 _a20121130d2012 |||y0rusy50 ca
101 0 _arus
102 _aRU
105 _ay |||||||||
200 1 _aМодели для аппликации
210 _aМосква
_cРИПОЛ классик
_d2012
215 _d26
225 1 _aДетское творчество
225 1 _aПоделки - самоделки
700 1 _aЗайцев
_bВ. Б
_4070
801 0 _aRU
_bNLR
_c20121130
_gRCR
801 1 _aRU
_bNLR
_c20121130
942 _cBOOK
980 _aNB